Передача данных в сетях: инженерный подход: пер. с англ.

Détails bibliographiques
Auteur principal: Ирвин Дж. Джеймс
Autres auteurs: Харль Д. Дэвид
Résumé:В книге рассматриваются современные системы передачи данных с точки зрения организации взаимодействия соответствующих сетевых служб и техники связи, подробно исследуется влияние требований пользователей на сетевой проект. Сначала даны принципы и технологии, связанные с сетевой структурой в целом и иерархией ее компонентов верхнего уровня, затем — проблемы уровня канала передачи данных и, наконец, ключевые принципы, обеспечивающие передачу индивидуальных информационных битов. Приводятся примеры действующих систем, иллюстрирующие, как изложенные концепции комбинируются на практике при построении целостной службы. В книге содержатся вопросы, снабженные обстоятельными ответами, и задания по всем основным темам.
Langue:russe
Publié: СПб., БХВ-Петербург, 2003
Collection:Учебное пособие
Sujets:
Format: Livre
KOHA link:https://koha.lib.tpu.ru/cgi-bin/koha/opac-detail.pl?biblionumber=73335

MARC

LEADER 00000nam0a2200000 4500
001 73335
005 20231031084311.0
010 |a 5941571135 
035 |a (RuTPU)RU\TPU\book\78258 
090 |a 73335 
100 |a 20050215d2003 m y0rusy50 ca 
101 1 |a rus  |c eng 
102 |a RU 
105 |a a j 001zy 
200 1 |a Передача данных в сетях: инженерный подход  |e пер. с англ.  |f Дж. Ирвин, Д. Харль 
210 |a СПб.  |c БХВ-Петербург  |d 2003 
215 |a 405 с.  |c ил. 
225 1 |a Учебное пособие 
320 |a Предметный указатель: с. 397-405 
330 |a В книге рассматриваются современные системы передачи данных с точки зрения организации взаимодействия соответствующих сетевых служб и техники связи, подробно исследуется влияние требований пользователей на сетевой проект. Сначала даны принципы и технологии, связанные с сетевой структурой в целом и иерархией ее компонентов верхнего уровня, затем — проблемы уровня канала передачи данных и, наконец, ключевые принципы, обеспечивающие передачу индивидуальных информационных битов. Приводятся примеры действующих систем, иллюстрирующие, как изложенные концепции комбинируются на практике при построении целостной службы. В книге содержатся вопросы, снабженные обстоятельными ответами, и задания по всем основным темам. 
610 1 |a сетевые технологии 
610 1 |a данные 
610 1 |a передача данных 
610 1 |a коммуникационные системы 
610 1 |a защита 
610 1 |a криптография 
610 1 |a сетевые службы 
610 1 |a потребители 
610 1 |a взаимодействие 
610 1 |a учебные пособия 
675 |a 681.324.016(075.8)  |v 3 
700 1 |a Ирвин  |b Дж.  |g Джеймс 
701 1 |a Харль  |b Д.  |g Дэвид 
801 1 |a RU  |b 63413507  |c 20050215  |g PSBO 
801 2 |a RU  |b 63413507  |c 20210610  |g PSBO 
942 |c BK